Name Every Type of Fish - Statistics

General Stats
  • This quiz has been taken 291 times
  • The average score is 61 of 546
Answer Stats
Type of fish % Correct
Salmon
85%
Shark
84%
Catfish
79%
Clownfish
79%
Bass
75%
Tuna
75%
Eel
74%
Goldfish
70%
Cod
67%
Trout
66%
Carp
64%
Swordfish
62%
Angler
60%
Puffer
57%
Sunfish
57%
Piranha
54%
Angelfish
53%
Barracuda
53%
Sardine
53%
Flounder
52%
Lionfish
52%
Mackerel
51%
Seahorse
51%
Sturgeon
50%
Dogfish
48%
Stingray
48%
Anchovy
47%
Koi
47%
Ray
47%
Grouper
45%
Marlin
45%
Flyingfish
44%
Perch
44%
Pike
44%
Betta
42%
Fish
42%
Guppy
41%
Gar
40%
Snapper
40%
Tiger
40%
Halibut
39%
Blobfish
38%
Minnow
38%
Parrotfish
37%
Stonefish
37%
Herring
36%
Tang
36%
Rockfish
35%
Mahi-Mahi
34%
Mora
34%
Sailfish
34%
Bluefish
33%
Bluegill
31%
Haddock
31%
Zebrafish
31%
Whitefish
30%
Lamprey
29%
Redfish
29%
Tilapia
29%
Moray
28%
Tetra
28%
Blackfish
27%
Triggerfish
27%
Bream
26%
Frogfish
26%
Pufferfish
26%
Sawfish
26%
Arapaima
25%
Butterflyfish
25%
Cowfish
25%
Goby
25%
Lungfish
25%
Wrasse
25%
Blowfish
24%
Dragon
24%
Jack
24%
Mudskipper
24%
Oarfish
24%
Flatfish
23%
Moonfish
23%
Sucker
23%
Walleye
23%
Anglerfish
22%
Arowana
22%
Coelacanth
22%
Sole
22%
Mullet
21%
Wolffish
21%
Char
20%
Cichlid
20%
Monkfish
20%
Needlefish
20%
Rainbowfish
20%
Shad
20%
Tarpon
20%
Drum
19%
Hagfish
19%
Kingfish
19%
Plaice
19%
Remora
19%
Barb
18%
Crappie
18%
Knifefish
18%
Toad
18%
Archerfish
17%
Boxfish
17%
Discus
17%
Dolphinfish
17%
Skate
17%
Snakehead
17%
Buffalo
16%
Chub
16%
Mola
16%
Paddlefish
16%
Pickerel
16%
Pigfish
16%
Scorpionfish
16%
Viperfish
16%
Batfish
15%
Burbot
15%
Dory
15%
Horsefish
15%
Icefish
15%
Lanternfish
15%
Pleco
15%
Pollock
15%
Sheepshead
15%
Snail
15%
Amberjack
14%
Bowfin
14%
Bullhead
14%
Dace
14%
Dragonfish
14%
Guitarfish
14%
Gulper
14%
Hake
14%
Muskellunge
14%
Oscar
14%
Roach
14%
Sandfish
14%
Snook
14%
Toadfish
14%
Bonefish
13%
Dorado
13%
Goatfish
13%
Gourami
13%
Ling
13%
Loach
13%
Ratfish
13%
Smelt
13%
Surgeonfish
13%
Trevally
13%
Turbot
13%
Wahoo
13%
Whalefish
13%
Zander
13%
Albacore
12%
Croaker
12%
Firefish
12%
Grayling
12%
Pipefish
12%
Pumpkinseed
12%
Sculpin
12%
Yellowtail
12%
Barreleye
11%
Blenny
11%
Conger
11%
Devil
11%
Grunt
11%
Killifish
11%
Lizardfish
11%
Opah
11%
Porcupinefish
11%
Shiner
11%
Snailfish
11%
Spiderfish
11%
Stargazer
11%
Damselfish
10%
Darter
10%
Mudfish
10%
Pompano
10%
Pupfish
10%
Rudd
10%
Tench
10%
Alewife
9%
Barramundi
9%
Bonito
9%
Cobia
9%
Danio
9%
Gudgeon
9%
Porgy
9%
Sauger
9%
Spearfish
9%
Trumpetfish
9%
Wobbegong
9%
Wolf-Eel
9%
Butterfish
8%
Filefish
8%
Glassfish
8%
Gurnard
8%
Kelpfish
8%
Lance
8%
Menhaden
8%
Pilchard
8%
Squirrelfish
8%
Alligatorfish
7%
Barbel
7%
Bichir
7%
Brill
7%
Candiru
7%
Cavefish
7%
Chimaera
7%
Dab
7%
Duck
7%
Fangtooth
7%
Goosefish
7%
Handfish
7%
Hatchetfish
7%
Hawkfish
7%
Huchen
7%
Idol
7%
Lightfish
7%
Loosejaw
7%
Pinfish
7%
Rabbitfish
7%
Roosterfish
7%
Silverside
7%
Steelhead
7%
Stickleback
7%
Swallower
7%
Taimen
7%
Anemonefish
6%
Bigeye
6%
Billfish
6%
Eelpout
6%
Footballfish
6%
Grunion
6%
Humuhumunukunukuapua'A
6%
Jackfish
6%
Jawfish
6%
Jewfish
6%
Madtom
6%
Milkfish
6%
Mudminnow
6%
Mummichog
6%
Pearlfish
6%
Pikeperch
6%
Platy
6%
Razorfish
6%
Searobin
6%
Shrimpfish
6%
Sprat
6%
Tonguefish
6%
Varden
6%
Weever
6%
Whiting
6%
Basslet
5%
Bleak
5%
Boarfish
5%
Capelin
5%
Cardinalfish
5%
Chubsucker
5%
Clingfish
5%
Corydoras
5%
Cusk
5%
Dartfish
5%
Featherback
5%
Flathead
5%
Grenadier
5%
Gunnel
5%
Halfmoon
5%
Lampfish
5%
Lancetfish
5%
Mandarinfish
5%
Mosquitofish
5%
Opaleye
5%
Orfe
5%
Pineconefish
5%
Quillback
5%
Ribbonfish
5%
Roughy
5%
Scad
5%
Sleeper
5%
Spadefish
5%
Spikefish
5%
Torpedo
5%
Warmouth
5%
Wormfish
5%
Armorhead
4%
Barracudina
4%
Bitterling
4%
Bristlemouth
4%
Carpsucker
4%
Coffinfish
4%
Deep
4%
Dollar
4%
Dragonet
4%
Elasmobranch
4%
Flier
4%
Garibaldi
4%
Greenling
4%
Halfbeak
4%
Houndshark
4%
Jewelfish
4%
Knifejaw
4%
Ladyfish
4%
Leaffish
4%
Lumpsucker
4%
Major
4%
Mojarra
4%
Pineapplefish
4%
Pomfret
4%
Prickleback
4%
Quillfish
4%
Rasbora
4%
Saury
4%
Scup
4%
Sharksucker
4%
Stingfish
4%
Swordtail
4%
Tilefish
4%
Treefish
4%
Trunkfish
4%
Tunny
4%
Aholehole
3%
Alfonsino
3%
Bandfish
3%
Banjo
3%
Barfish
3%
Beardfish
3%
Bonytongue
3%
Burrfish
3%
Candlefish
3%
Carpetshark
3%
Catla
3%
Cisco
3%
Codlet
3%
Codling
3%
Cornetfish
3%
Cusk-Eel
3%
Dottyback
3%
Emperor
3%
Escolar
3%
Flagfish
3%
Fringehead
3%
Goldeye
3%
Grunter
3%
Ide
3%
Inconnu
3%
Kaluga
3%
Leatherjacket
3%
Mooneye
3%
Nase
3%
Oilfish
3%
Oldwife
3%
Pencilfish
3%
Poacher
3%
Prowfish
3%
Rattail
3%
Raven
3%
Ricefish
3%
Robin
3%
Ropefish
3%
Rudderfish
3%
Ruff
3%
Salamanderfish
3%
Sandperch
3%
Soldierfish
3%
Spookfish
3%
Surfperch
3%
Telescopefish
3%
Topminnow
3%
Tripletail
3%
Turkeyfish
3%
Vimba
3%
Ziege
3%
Ayu
2%
Bangus
2%
Beachsalmon
2%
Bigscale
2%
Blackchin
2%
Bocaccio
2%
Boga
2%
Bonytail
2%
Brooder
2%
Brotula
2%
Buri
2%
Catalufa
2%
Cobbler
2%
Coley
2%
Combfish
2%
Crestfish
2%
Cutlassfish
2%
Daggertooth
2%
Demoiselle
2%
Devario
2%
Diver
2%
Dojo
2%
Duckbill
2%
Eel-Goby
2%
Elver
2%
Eulachon
2%
Fingerfish
2%
Flagtail
2%
Fusilier
2%
Garpike
2%
Ghoul
2%
Gibberfish
2%
Greeneye
2%
Hairtail
2%
Hamlet
2%
Hoki
2%
Hussar
2%
Javelin
2%
Kahawai
2%
King-Of-The-Salmon
2%
Kokanee
2%
Kokopu
2%
Lanternshark
2%
Lenok
2%
Livebearer
2%
Longfin
2%
Mahseer
2%
Medusafish
2%
Mrigal
2%
Mudsucker
2%
Noodlefish
2%
Oto
2%
Panga
2%
Parore
2%
Peamouth
2%
Pearleye
2%
Pirarucu
2%
Powen
2%
Pricklefish
2%
Ragfish
2%
Reedfish
2%
Ridgehead
2%
Rivuline
2%
Rockling
2%
Roundhead
2%
Ruffe
2%
Sábalo
2%
Sabertooth
2%
Sablefish
2%
Sandroller
2%
Scabbardfish
2%
Scalyfin
2%
Scat
2%
Seamoth
2%
Slimehead
2%
Snipefish
2%
Spinefoot
2%
Springfish
2%
Stonecat
2%
Swamp-Eel
2%
Tailor
2%
Threadfin
2%
Tope
2%
Trevalla
2%
Triplefin
2%
Trout-Perch
2%
Velvetfish
2%
Wallago
2%
Weatherfish
2%
Weaver
2%
Whitebait
2%
Beauty
1%
Boafish
1%
Bonnetmouth
1%
Cherubfish
1%
Dealfish
1%
Dempsey
1%
Dhufish
1%
Driftfish
1%
Fierasfer
1%
Flagblenny
1%
Flagfin
1%
Gombessa
1%
Graveldiver
1%
Halosaur
1%
Hammerjaw
1%
Herrings
1%
Ilish/Hilsha
1%
Inanga
1%
Kanyu
1%
Limia
1%
Louvar
1%
Luderick
1%
Manefish
1%
Marblefish
1%
Medaka
1%
Morwong
1%
Mouthbrooder
1%
Notothen
1%
Nurseryfish
1%
Ocean-Bass
1%
Pencilsmelt
1%
Pikeblenny
1%
Píntano
1%
Platyfish
1%
Pollyfish
1%
Ponyfish
1%
Rohu
1%
Ronquil
1%
Sandburrower
1%
Sheatfish
1%
Sillago
1%
Skilfish
1%
Slickhead
1%
Slipmouth
1%
Smelt-Whiting
1%
Spinyfin
1%
Splitfin
1%
Splittail
1%
Squaretail
1%
Squawfish
1%
Squeaker
1%
Swampfish
1%
Sweeper
1%
Tapetail
1%
Tarwhine
1%
Tenpounder
1%
Tenuis
1%
Thornfish
1%
Thread-Tail
1%
Tigerperch
1%
Trahira
1%
Triplespine
1%
Trumpeter
1%
Tube-Snout
1%
Uaru
1%
Vendace
1%
Waspfish
1%
Weeverfish
1%
Wolf-Herring
1%
Zingel
1%
Tubeblenny
0%
Tube-Eye
0%
Tubeshoulder
0%
Vanjaram
0%
Walu
0%
Waryfish
0%
Whiff
0%
Wrymouth
0%
No matching quizzes found
Score Distribution
Percent of People with Each Score
Percentile by Number Answered
Your Score History
You have not taken this quiz